Quizzes
Events
Quiz Creation
Community
Videos
Private Events
Remove Ads
Sign In
Join for FREE
Feedback
Dark Mode
Quiz Categories
Sports
Geography
Music
Movies
Television
Just For Fun
Miscellaneous
History
Literature
Language
Science
Gaming
Entertainment
Religion
Holiday
For Kids
Quiz Lab
Recent
Popular Today
Quiz Kudos Today
Editor Picks
Curator Picks
Quizzes by...
Day
Popularity
Type
Ratings
Length
Year
Community
Subscriptions
Recent Discussions
Orange Saloon
Badges
Playlists
Quests
Create
Leaderboards
Showdown
Live 5
Trivia Bingo
Activity
Puzzle Library
Sporcle Events
Private Events
Virtual Trivia
Globe League
Become a Host
Pub Owners
SporcleCon
Opinionation
Our Games
Videos
Blog
Mobile Apps
Partnerships
Remove Ads and Go Orange
Feedback
Gaming
Video Games
Board Games
Card Games
Pokémon
Mario
Nintendo
Minecraft
Console
Toys
Legend of Zelda
Gaming
Video Games
Board Games
Card Games
Pokémon
Mario
Nintendo
Minecraft
Console
Toys
Legend of Zelda
Random Quiz
Search Sporcle
×
Quiz Lab
Quiz Lab
Gaming
Pokémon
Type in answers that appear in a list
Type in answers that appear in a list
Classic
Best Score? Go Orange.
All Generation VII Pokemon Stats
Can you name all pokemon that debuted in Sun and Moon? (Only Nitro Pokemon, No Retro ones)
By
ben14ultra
8m
81 Questions
27 Plays
27 Plays
27 Plays
Comments
Comments
Give Quiz Kudos
Give Quiz Kudos
-
- Ratings
hide this ad
Replay
Link that replays current quiz
Next Quiz
Link to next quiz in quiz playlist
You Got
0%
They Got
Avg Score
74%
Avg Friend Score
Upgrade to see
Score Distribution
Jump to the score distribution portion of the page
Score
0/81
Timer
08:00
0
Plays Today
Type(s)
Pokemon Name
% Correct
Grass/
Flying
Rowlet
92.6%
Grass/
Flying
Dartrix
88.9%
Grass/
Ghost
Decidueye
85.2%
Fire
Litten
85.2%
Fire
Torracat
85.2%
Fire/
Dark
Incineroar
81.5%
Water
Popplio
81.5%
Water
Brionne
81.5%
Water/
Fairy
Primarina
81.5%
Normal/
Flying
Pikipek
81.5%
Normal/
Flying
Trumbeak
81.5%
Normal/
Flying
Toucannon
81.5%
Bug
Grubbin
81.5%
Bug/
Fairy
Cutiefly
81.5%
Rock
Rockruff
81.5%
Electric/
Fairy
Tapu Koko
81.5%
Psychic/
Fairy
Tapu Lele
81.5%
Grass/
Fairy
Tapu Bulu
81.5%
Water/
Fairy
Tapu Fini
81.5%
Bug/
Fighting
Buzzwole
81.5%
Bug/
Electric
Charjabug
77.8%
Bug/
Electric
Vikavolt
77.8%
Fighting
Crabrawler
77.8%
Fighting/
Ice
Crabominable
77.8%
Fire/
Flying
Oricorio
77.8%
Bug/
Fairy
Ribombee
77.8%
Poison/
Water
Mareanie
77.8%
Type(s)
Pokemon Name
% Correct
Grass/
Fairy
Shiinotic
77.8%
Normal/
Dragon
Drampa
77.8%
Ghost/
Grass
Dhelmise
77.8%
Dragon
Jangmo-o
77.8%
Dragon/
Fighting
Hakamo-o
77.8%
Dragon/
Fighting
Kommo-o
77.8%
Psychic
Cosmog
77.8%
Psychic
Cosmoem
77.8%
Psychic/
Steel
Solgaleo
77.8%
Psychic/
Steel
Lunala
77.8%
Normal
Yungoos
74.1%
Normal
Gumshoos
74.1%
Rock
Lycanroc
74.1%
Poison/
Water
Toxapex
74.1%
Water/
Bug
Dewpider
74.1%
Water/
Bug
Araquanid
74.1%
Grass
Fomantis
74.1%
Grass/
Fairy
Morelull
74.1%
Poison/
Fire
Salandit
74.1%
Poison/
Fire
Salazzle
74.1%
Grass
Tsareena
74.1%
Ghost/
Ground
Sandygast
74.1%
Fire/
Dragon
Turtonator
74.1%
Electric/
Steel
Togedemaru
74.1%
Water/
Psychic
Bruxish
74.1%
Rock/
Poison
Nihilego
74.1%
Electric
Xurkitree
74.1%
Type(s)
Pokemon Name
% Correct
Steel/
Flying
Celesteela
74.1%
Dark/
Dragon
Guzzlord
74.1%
Ground
Mudbray
70.4%
Ground
Mudsdale
70.4%
Grass
Lurantis
70.4%
Normal/
Fighting
Stufful
70.4%
Grass
Bounsweet
70.4%
Grass
Steenee
70.4%
Fairy
Comfey
70.4%
Normal/
Psychic
Oranguru
70.4%
Fighting
Passimian
70.4%
Bug/
Water
Wimpod
70.4%
Ghost/
Ground
Palossand
70.4%
Ghost/
Fairy
Mimikyu
70.4%
Grass/
Steel
Kartana
70.4%
Psychic
Necrozma
70.4%
Fighting/
Ghost
Marshadow
70.4%
Normal/
Fighting
Bewear
66.7%
Bug/
Water
Golisopod
66.7%
Bug/
Fighting
Pheromosa
66.7%
Steel/
Fairy
Magearna
66.7%
Water
Wishiwashi
63%
Normal
Komala
63%
Water
Pyukumuku
59.3%
Rock/
Flying
Minior
59.3%
Normal
Type: Null
51.9%
Normal
Silvally
48.1%
Quiz Playlist
Details
Report
Send in Message
Add To Playlist
Classic:
Type in answers that appear in a list
Last Updated: May 21, 2017
Quiz Scoreboard
CHALLENGE
Sign Up to Join the Scoreboard
Show All
Scores
Hide
Comments
May contain spoilers
Recently Published
Movies - When Are They Set?
by FPL_Elf
Movies
5m
Popular People in 1961
by mucciniale
History
6m
1-10 Letter E Words III
by El_Dandy
Language
2m
More to Explore
Quiz From the Vault
Featured Blog Post
Where Did the Easter Bunny Come From?
hide this ad
You Might Also Like...
Tags
Pokémon Quiz
Debuted
Generation
Moon
nitro
retro
sun
VII
Today's Top Quizzes in Gaming
Browse Gaming
hide this ad
Today's Top Quizzes in Pokémon
Browse Pokémon
Top Contributed Quizzes in Gaming
1
Destiny 2 exotic weapons by perk icons
2
Ultimate Genshin Impact Logic Puzzle (up to 4.3)
3
Genshin Impact Logic Puzzle Quiz
4
Who's on the WWE 2K24 Cover?
5
Windmill: Pokémon
6
Franchise by Action Figure
7
Legendary or Exotic?
8
Overwatch 2: Ultimate Ability Icons
9
Overwatch 2 Heroes by Selection Quote
10
Genshin murder mystery
Explore More
Trending Topics
NBA
Anime
Harry Potter
Crossword
Disney
Marvel
Kpop
WWE
The Office
Puzzle
Soccer
NFL
Pokémon
Song
Country
hide this ad
More By:
ben14ultra
Quiz
Plays
Rating
Category
Featured
Created
Spider-Man Movies
37,694
4.54
Movies
Jun 20, 2017
All American Presidents
486
1.00
History
Mar 26, 2017
All Spider-Man Villains
444
1.00
Movies
Jul 31, 2017
All Fire Emblem Lords
400
1.20
Gaming
Jun 2, 2017
All Nintendo Franchises
338
2.00
Gaming
Nov 28, 2016
Go to Creator's Profile
Score Distribution
Quiz Creator Spotlight
ben14ultra
Follow
Send a Message
Quizzes Created
-
Created Quiz Play Count
-
More By This Creator
Popular Quizzes Today
1
Find the Countries of Europe - No Outlines Minefield
2
Find the US States - No Outlines Minefield
3
The Countries of the World
4
Popular People in 1961
5
1-10 Letter E Words III
6
US States
7
Find the US States
8
One Thing in Common: World Cities II
More Gaming Quizzes
Mario Kart: Double Dash!! Tracks by Image
Editor's Pick
Trending Quizzes
Risky Map Clicking: Least Populous States A-Z
Humor Books: The Subtitles
1-10 Letter F Words
1-10 Letter G Words
One Thing in Common: United Kingdom
Recently Updated
Leaping Animals
pecheneg
Reality TV Shows (A-Z)
bhenderson79
Rickey Henderson's Hall of Fame Teammates
pecheneg
Champions League XIs: Arsenal
pecheneg
Quick Pick: Celebrities in WWE's Hall of Fame
aduchscher
A-Z Keypad Blitz II
pecheneg
Multiple Oscar Actors
pecheneg
Mystery Phrase Blitz: Oscar 'Best Actors'
pecheneg
F. Scott Fitzgerald Novels
LTH
Pick 3 Villains
ddd62291
Trending Topics
Crossword
Marvel
Kpop
Anime
Disney
Harry Potter
NBA
The Office
WWE
NFL
Country
Song
Pokémon
Soccer
Puzzle
Your Account Isn't Verified!
In order to create a playlist on Sporcle, you need to verify the email address you used during registration. Go to your
Sporcle Settings
to finish the process.
Report this User
Report this user for behavior that violates our
Community Guidelines
.
Details:
Send Report
Go to the Sporcle.com Mobile Site →
Comments